| 000 | 00737nam a22002057a 4500 | ||
|---|---|---|---|
| 008 | 250716b |||||||| |||| 00| 0 eng d | ||
| 020 | _a9780199673902 | ||
| 040 |
_aCUZ _beng _crda _dCUZ _erda |
||
| 050 | _aZ115.SIJ | ||
| 100 | _aPeter M.Sijpesteijn | ||
| 245 |
_aShaping a Muslim state: _bThe world of a mid-eighth century Egyptian official _cby Peter M.Sijpesteijn |
||
| 264 |
_aNew York _bOxford University press _c©2013 |
||
| 300 | _aextent xxvii ,524poages | ||
| 336 |
_atext _btxt |
||
| 337 |
_aunmediated _bn |
||
| 338 | _2rdacarrier | ||
| 500 | _aincludes bibliography and index | ||
| 650 |
_aWriting Paleography _aManuscripts ,Paleography _aAncient & Classical |
||
| 942 |
_cOS _i115.SIJ _kZ |
||
| 999 |
_c45250 _d45250 |
||